000
00341nam a22001577a 4500
005
20160620152408.0
008
160620b xxu||||| |||| 00| 0 eng d
041
_a
eng
082
_b
8582
100
_a
Ahlawat,R.S
_9
2339
245
_a
Managerial Economics
260
_b
King's
300
_a
375
650
_a
Management
_9
241
942
_c
BK
999
_c
3305
_d
3304